000 00717nam a22001937a 4500
008 130821s1965 xxu gr eng
040 _aCo-BoUCM
_bspa
041 0 0 _aeng
100 1 _aHempel, Carl G.
_q(Carl Gustav)
_d1905-1997.
_9154713
245 1 0 _aAspects of scientific explanation and other essays in the philosophy of science
_cCarl G. Hempel.
260 _aNueva York (Estados Unidos)
_bFree Press
_c[1965]
300 _aix, 505 páginas
504 _aIncluye bibliografía e índice de nombres.
650 0 4 _aCiencias naturales
_910813
650 0 4 _aCreencia y duda
_912127
650 0 4 _aFilosofía de la ciencia
_915753
942 _cLIBRO
_a25
_e1
_mH491a
_2DEWEY
_h501
999 _c93072
_d93072